[Event "Zlin Region-chT 2223"]
[Site "Czech Republic"]
[Date "2023.04.02"]
[Round "11.5"]
[White "Kubacak, Lubomir"]
[Black "Volcik, Stanislav1111"]
[Result "1/2-1/2"]
[WhiteElo "1947"]
[BlackElo "1736"]
[PlyCount "55"]
[EventDate "2022.10.09"]
[EventType "team-tourn"]
[EventRounds "11"]
[EventCountry "CZE"]
[SourceTitle "EXT 2024"]
[Source "ChessBase"]
[SourceDate "2023.10.10"]
[SourceVersion "1"]
[SourceVersionDate "2023.10.10"]
[SourceQuality "1"]
[WhiteTeam "Francova Lhota Sokol"]
[BlackTeam "Borsice"]
[WhiteTeamCountry "CZE"]
[BlackTeamCountry "CZE"]

1. Nf3 d5 2. d4 Bg4 3. e3 e6 4. Be2 Nf6 5. 0-0 c5 6. Ne5 Bxe2 7. Qxe2 a6 8. Nd2 Nc6 9. Ndf3 Qb6 10. Rd1 h6 11. c3 Bd6 12. Nxc6 bxc6 13. dxc5 Qxc5 14. Nd2 0-0 15. e4 dxe4 16. Nxe4 Nxe4 17. Qxe4 Bxh2+ 18. Kf1 Bc7 19. Be3 Qb5+ 20. c4 Qxb2 21. Bd4 Qa3 22. Rd3 Qa5 23. c5 e5 24. Bc3 Qb5 25. a4 Qxc5 26. Bb4 Qc2 27. Bxf8 Bb6 28. Qe2 1/2-1/2

[Event "Zlin Region-chT 2223"]
[Site "Czech Republic"]
[Date "2023.01.29"]
[Round "7.5"]
[White "Kubacak, Lubomir"]
[Black "Smid, Jan Sr"]
[Result "1/2-1/2"]
[WhiteElo "1947"]
[BlackElo "1848"]
[PlyCount "39"]
[EventDate "2022.10.09"]
[EventType "team-tourn"]
[EventRounds "11"]
[EventCountry "CZE"]
[SourceTitle "EXT 2024"]
[Source "ChessBase"]
[SourceDate "2023.10.10"]
[SourceVersion "1"]
[SourceVersionDate "2023.10.10"]
[SourceQuality "1"]
[WhiteTeam "Francova Lhota Sokol"]
[BlackTeam "Stare Mesto  III"]
[WhiteTeamCountry "CZE"]
[BlackTeamCountry "CZE"]

1. Nf3 d5 2. g3 c6 3. Bg2 Nf6 4. 0-0 h6 5. b3 Bf5 6. Bb2 e6 7. d3 Be7 8. Nbd2 0-0 9. Ne5 Nbd7 10. Ndf3 Qc7 11. Nxd7 Nxd7 12. e3 Rfe8 13. Nd2 Rad8 14. Qe2 Qa5 15. Rfd1 Bg6 16. h3 Nf6 17. Bf3 Qc7 18. Nf1 Nd7 19. Bg2 Bd6 20. Nd2 1/2-1/2

[Event "Ostrava SME op"]
[Site "Ostrava"]
[Date "2005.04.30"]
[Round "1"]
[White "Kubacak, Lubomir"]
[Black "Cempel, Jaroslav"]
[Result "0-1"]
[WhiteElo "2065"]
[BlackElo "2247"]
[PlyCount "62"]
[EventDate "2005.04.30"]
[EventType "swiss"]
[EventRounds "9"]
[EventCountry "CZE"]
[SourceTitle "CBM 106 Extra"]
[Source "ChessBase"]
[SourceDate "2005.07.01"]
[SourceVersion "1"]
[SourceVersionDate "2005.07.01"]
[SourceQuality "1"]

1. Nf3 d5 2. g3 Nf6 3. Bg2 c6 4. 0-0 h6 5. d3 Bf5 6. Nbd2 e6 7. b3 Bc5 8. Bb2 0-0 9. Ne5 Qe7 10. e4 Bh7 11. Qe2 Ba3 12. Bxa3 Qxa3 13. Rfb1 a5 14. Ng4 Nxg4 15. Qxg4 f5 16. exf5 exf5 17. Qd4 Na6 18. Re1 f4 19. Nf3 fxg3 20. hxg3 Qb4 21. Qe5 Rf7 22. Nh4 Nc7 23. c3 Qc5 24. d4 Qxc3 25. Bh3 Raf8 26. f3 g5 27. Nf5 Bxf5 28. Bxf5 Re8 29. Qxe8+ Nxe8 30. Rxe8+ Kg7 31. Rae1 Qxd4+ 0-1

[Event "MOR-chT2N 0203"]
[Site "Moravia"]
[Date "2003.03.02"]
[Round "9"]
[White "Sekac, Martin"]
[Black "Kubacak, Lubomir"]
[Result "1-0"]
[WhiteElo "2128"]
[BlackElo "2081"]
[PlyCount "63"]
[EventDate "2002.10.??"]
[EventType "team"]
[EventRounds "11"]
[EventCountry "CZE"]
[SourceTitle "EXT 2006"]
[Source "ChessBase"]
[SourceDate "2005.11.24"]
[SourceVersion "1"]
[SourceVersionDate "2005.11.24"]
[SourceQuality "1"]

1. e4 e6 2. d4 d5 3. Nd2 Nf6 4. e5 Nfd7 5. Bd3 c5 6. c3 Nc6 7. Ne2 cxd4 8. cxd4 f6 9. exf6 Nxf6 10. 0-0 Bd6 11. Nf3 0-0 12. Bf4 Bxf4 13. Nxf4 Ne4 14. Qc1 Qf6 15. Nh5 Qf5 16. Bxe4 Qxh5 17. Bd3 Bd7 18. Qe3 Rf6 19. Ne5 Nxe5 20. dxe5 Rh6 21. h3 g5 22. f4 d4 23. Qxd4 Bc6 24. Be4 Bxe4 25. Qxe4 g4 26. hxg4 Qxg4 27. Rad1 Rf8 28. Rd3 Rh4 29. Qxb7 Qh5 30. Rg3+ Rg4 31. Qf3 Rxg3 32. Qxh5 1-0

[Event "MOR-chT2N 0203"]
[Site "Moravia"]
[Date "2003.01.12"]
[Round "6"]
[White "Kubacak, Lubomir"]
[Black "Potomak, Vladimir"]
[Result "1/2-1/2"]
[WhiteElo "2081"]
[BlackElo "2142"]
[PlyCount "83"]
[EventDate "2002.10.??"]
[EventType "team"]
[EventRounds "11"]
[EventCountry "CZE"]
[SourceTitle "EXT 2006"]
[Source "ChessBase"]
[SourceDate "2005.11.24"]
[SourceVersion "1"]
[SourceVersionDate "2005.11.24"]
[SourceQuality "1"]

1. Nf3 Nf6 2. g3 g6 3. Bg2 Bg7 4. d4 d6 5. 0-0 0-0 6. c4 Nbd7 7. Nc3 e5 8. dxe5 dxe5 9. Qc2 c6 10. Rd1 Qe7 11. e4 Nc5 12. h3 a5 13. b3 Qc7 14. Ba3 Nfd7 15. Qd2 Re8 16. Qe3 Bf8 17. Ne2 b6 18. Bb2 Ne6 19. Ng5 Ndc5 20. Nf3 Bg7 21. Rac1 Bb7 22. h4 Rad8 23. Nh2 f5 24. exf5 gxf5 25. Bh3 f4 26. Bxe6+ Rxe6 27. Qc3 Ne4 28. Qc2 c5 29. Rxd8+ Qxd8 30. Rd1 Qc7 31. Rd5 Nf6 32. Qf5 Bxd5 33. cxd5 Re8 34. Ng4 Nxg4 35. Qxg4 Kh8 36. h5 Qd6 37. Qf3 Re7 38. Qe4 Rd7 39. Qf5 Qxd5 40. h6 Bxh6 41. Nxf4 Qf7 42. Qxe5+ 1/2-1/2

[Event "MOR-chT2N 0203"]
[Site "Moravia"]
[Date "2002.11.17"]
[Round "3"]
[White "Kubacak, Lubomir"]
[Black "Weczerek, Marek"]
[Result "1-0"]
[WhiteElo "2081"]
[BlackElo "2114"]
[PlyCount "43"]
[EventDate "2002.10.??"]
[EventType "team"]
[EventRounds "11"]
[EventCountry "CZE"]
[SourceTitle "EXT 2006"]
[Source "ChessBase"]
[SourceDate "2005.11.24"]
[SourceVersion "1"]
[SourceVersionDate "2005.11.24"]
[SourceQuality "1"]

1. Nf3 d5 2. g3 Nd7 3. d4 Ngf6 4. Bg2 e6 5. 0-0 Bd6 6. c4 c6 7. Nc3 0-0 8. Qc2 dxc4 9. Nd2 e5 10. Nxc4 Bc7 11. Rd1 exd4 12. Rxd4 Qe7 13. b3 Rb8 14. Ba3 c5 15. Nb5 Be5 16. Nxe5 Qxe5 17. Rdd1 a5 18. Bb2 Qe7 19. Rd3 Rd8 20. Rad1 b6 21. Na7 Qf8 22. Bxf6 1-0

[Event "Ostrava op-A"]
[Site "Ostrava"]
[Date "2002.05.22"]
[Round "6"]
[White "Kubacak, Lubomir"]
[Black "Toman, Jaroslav"]
[Result "0-1"]
[WhiteElo "2099"]
[BlackElo "2112"]
[PlyCount "114"]
[EventDate "2002.05.18"]
[EventType "swiss"]
[EventRounds "10"]
[EventCountry "CZE"]
[SourceTitle "CBM 088 Extra"]
[Source "ChessBase"]
[SourceDate "2002.07.01"]
[SourceVersion "2"]
[SourceVersionDate "2002.07.01"]
[SourceQuality "1"]

1. Nf3 d6 2. d4 g6 3. g3 Bg7 4. Bg2 Nc6 5. 0-0 Nf6 6. c4 0-0 7. Nc3 a6 8. h3 Rb8 9. a4 a5 10. Re1 Nd7 11. e4 h6 12. Be3 e5 13. Qd2 Kh7 14. Rad1 exd4 15. Nxd4 Nde5 16. Qe2 Nxd4 17. Bxd4 Be6 18. b3 Qc8 19. Kh2 Nd7 20. Bxg7 Kxg7 21. Nb5 Kh7 22. Qd2 b6 23. Nd4 Nc5 24. e5 dxe5 25. Rxe5 Qd8 26. Qe2 Qf6 27. Re3 Rbe8 28. Nb5 Rc8 29. h4 Bd7 30. Re7 Bxb5 31. cxb5 Ne6 32. Red7 Rcd8 33. Bh3 Nc5 34. Rxd8 Rxd8 35. Rxd8 Qxd8 36. Qc4 Qf6 37. Kg2 Kg7 38. Kg1 Qf3 39. Qd4+ Kh7 40. b4 axb4 41. Qxb4 Qd1+ 42. Bf1 Qxa4 43. Qc3 Qg4 44. Qf6 Qe6 45. Qd4 Qd6 46. Qg4 Kg7 47. Bc4 Nd7 48. Qf3 Ne5 49. Qc3 Qc5 50. Qb2 Kg8 51. Be2 c6 52. bxc6 Nxc6 53. h5 Nd4 54. hxg6 Qc1+ 55. Qxc1 Nxe2+ 56. Kf1 Nxc1 57. gxf7+ Kxf7 0-1

[Event "Ostrava op"]
[Site "Ostrava"]
[Date "1998.??.??"]
[Round "?"]
[White "Horakova, Dana"]
[Black "Kubacak, Lubomir"]
[Result "1/2-1/2"]
[WhiteElo "2120"]
[BlackElo "2040"]
[PlyCount "42"]
[EventDate "1998.??.??"]
[EventType "swiss"]
[EventRounds "10"]
[EventCountry "CZE"]
[SourceTitle "EXT 2006"]
[Source "ChessBase"]
[SourceDate "2005.11.24"]
[SourceVersion "1"]
[SourceVersionDate "2005.11.24"]
[SourceQuality "1"]

1. d4 Nf6 2. Nf3 g6 3. c4 Bg7 4. Nc3 d5 5. e3 0-0 6. cxd5 Nxd5 7. Be2 c5 8. 0-0 cxd4 9. Nxd4 Nxc3 10. bxc3 Qa5 11. Bb2 Na6 12. Nb3 Qb6 13. Rc1 Bf5 14. Ba3 Rfd8 15. Qe1 e5 16. c4 Qc7 17. c5 Nb8 18. Qa5 Qc8 19. Rfd1 Nc6 20. Rxd8+ Qxd8 21. Qxd8+ Rxd8 1/2-1/2

[Event "Ostrava op"]
[Site "Ostrava"]
[Date "1998.??.??"]
[Round "?"]
[White "Kubacak, Lubomir"]
[Black "Ceplecha, Tomas"]
[Result "1/2-1/2"]
[WhiteElo "2040"]
[BlackElo "1960"]
[PlyCount "88"]
[EventDate "1998.??.??"]
[EventType "swiss"]
[EventRounds "10"]
[EventCountry "CZE"]
[SourceTitle "EXT 2006"]
[Source "ChessBase"]
[SourceDate "2005.11.24"]
[SourceVersion "1"]
[SourceVersionDate "2005.11.24"]
[SourceQuality "1"]

1. d4 f5 2. c4 Nf6 3. Nc3 e6 4. g3 d5 5. cxd5 exd5 6. Bg2 c6 7. Nh3 Bd6 8. 0-0 0-0 9. Bf4 Na6 10. a3 Nc7 11. Bxd6 Qxd6 12. Nf4 Bd7 13. e3 g5 14. Nd3 Rae8 15. Re1 Bc8 16. f4 gxf4 17. gxf4 Kh8 18. Ne5 Re7 19. Kh1 Ng4 20. Qf3 Qh6 21. Bh3 Nxe5 22. dxe5 Ne6 23. Ne2 c5 24. Bg2 Bd7 25. Rg1 Bc6 26. Qf2 Rg7 27. Bf3 Rfg8 28. Rxg7 Rxg7 29. Rg1 Rxg1+ 30. Kxg1 a6 31. Ng3 d4 32. Nxf5 Qg6+ 33. Ng3 dxe3 34. Qxe3 Qb1+ 35. Nf1 Qxb2 36. Bxc6 bxc6 37. f5 Nd4 38. Qh6 Qb8 39. Qf6+ Kg8 40. Qg5+ Kh8 41. Qf6+ Kg8 42. e6 Qf8 43. Qxf8+ Kxf8 44. Ne3 c4 1/2-1/2

[Event "Ostrava op"]
[Site "Ostrava"]
[Date "1998.??.??"]
[Round "?"]
[White "Remes, Radek"]
[Black "Kubacak, Lubomir"]
[Result "1-0"]
[WhiteElo "1980"]
[BlackElo "2040"]
[PlyCount "105"]
[EventDate "1998.??.??"]
[EventType "swiss"]
[EventRounds "10"]
[EventCountry "CZE"]
[SourceTitle "EXT 2006"]
[Source "ChessBase"]
[SourceDate "2005.11.24"]
[SourceVersion "1"]
[SourceVersionDate "2005.11.24"]
[SourceQuality "1"]

1. e4 c5 2. Nf3 d6 3. d4 cxd4 4. Nxd4 Nf6 5. Nc3 g6 6. Be3 Bg7 7. Qd2 0-0 8. f3 Nc6 9. Bc4 Bd7 10. h4 Ne5 11. Bb3 h5 12. Bh6 Rc8 13. Bxg7 Kxg7 14. 0-0-0 Qa5 15. Kb1 Nc4 16. Bxc4 Rxc4 17. Nb3 Qe5 18. Nd5 Nxd5 19. Qxd5 Qxd5 20. Rxd5 Rfc8 21. c3 Be6 22. Rd4 R4c6 23. Kc2 Ra6 24. a3 Rac6 25. Nd2 Rc5 26. Nf1 f5 27. Ne3 Kf6 28. Nd5+ Kf7 29. Re1 Bd7 30. Kd2 e6 31. Nb4 Ke7 32. exf5 Rxf5 33. Nd5+ Kf7 34. Ne3 Rb5 35. b4 Rb6 36. Nc4 Rxc4 37. Rxc4 Ra6 38. Ra1 e5 39. Rc7 Ke6 40. Rxb7 d5 41. b5 Ra4 42. b6 axb6 43. Rxb6+ Kf5 44. Rb4 Ra5 45. Ke3 Bb5 46. a4 Bc4 47. Rb6 Ra7 48. a5 Rd7 49. g4+ hxg4 50. fxg4+ Kxg4 51. Rxg6+ Kh5 52. Rg5+ Kxh4 53. Rxe5 1-0